| 000 | 00403nam a2200145Ia 4500 | ||
|---|---|---|---|
| 008 | 230312s9999||||xx |||||||||||||| ||und|| | ||
| 020 | _a9789697120505 | ||
| 082 |
_a891.4 _bNOO-D |
||
| 100 | _aسیّد نورالدّین منوّر | ||
| 245 | 0 | _aدیوانِ منوّر | |
| 260 |
_bبابرعلی فاونڈیشن لاھور _apak _c2021 |
||
| 300 | _a481 | ||
| 650 | _aUrdu Literature | ||
| 942 | _cBK | ||
| 999 |
_c13793 _d13793 |
||